000 00554nam a22002057a 4500
003 koha_MIRAKIL
005 20231213100423.0
008 231213b |||||||| |||| 00| 0 ||| d
020 _b978-6-05-375993-5
040 _aTR-IsEVY
_btur
_cTR-IsEVY
082 _a891.73 ZAM/B
100 _aZamyatin, Yevgeni İzanoviç. 1874-1937.
245 0 _aBiz
250 _a1. bs.
260 _bİthaki,
_c2019
300 _a246 s.
650 _aRoman. -- Bilimkurgu. -- Science Fiction.
650 _aRus edebiyatı -- Russian literature
942 _2ddc
_cBK
999 _c19650
_d19650